Trò chuyện triết học T.1

Bao gồm các bài viết về một khái niệm triết học hoặc về một triết gia nổi tiếng từ những góc độ gần gũi và thú vị nhất của nhà nghiên cứu Bùi Văn Nam Sơn

Shranjeno v:
Bibliografske podrobnosti
Glavni avtor: Bùi, Văn Nam Sơn
Format: Knjiga
Jezik:Undetermined
Izdano: H. Tri thức; Công ty Sách Thời Đại 2016
Teme:
Online dostop:http://lrc.tdmu.edu.vn/opac/search/detail.asp?aID=2&ID=26529
Oznake: Označite
Brez oznak, prvi označite!
Thư viện lưu trữ: Trung tâm Học liệu Trường Đại học Thủ Dầu Một
LEADER 00929nam a2200217Ia 4500
001 TDMU_26529
008 210410s9999 xx 000 0 und d
082 |a 628.112 
090 |b B510 
100 |a Bùi, Văn Nam Sơn 
245 0 |a Trò chuyện triết học 
245 0 |c Bùi Văn Nam Sơn 
245 0 |n T.1 
260 |a H. 
260 |b Tri thức; Công ty Sách Thời Đại 
260 |c 2016 
300 |a 225tr. 
520 |a Bao gồm các bài viết về một khái niệm triết học hoặc về một triết gia nổi tiếng từ những góc độ gần gũi và thú vị nhất của nhà nghiên cứu Bùi Văn Nam Sơn 
650 |a Triết học  |v Bài viết; Nhân loại học 
856 |u http://lrc.tdmu.edu.vn/opac/search/detail.asp?aID=2&ID=26529 
980 |a Trung tâm Học liệu Trường Đại học Thủ Dầu Một